Southville International School and Colleges
Your cart is empty.
  • Cart
  • Lists
    Public lists Eva Luna New books Lux_list list_1
    Your lists Log in to create your own lists
  • Log in to your account
  • Your cookies
  • Search history
Southville International School and Colleges
  • Advanced search
  • Recent comments
  • Most popular
  • Libraries

Log in to your account

Log in with GOOGLE


If you do not have an external account, but do have a local account, you can still log in:

  1. Home
  2. MARC view: Ben on Ben :
Normal view MARC view ISBD view

Ben on Ben : (Record no. 345268)

[ view plain ]
MARC details
000 -LEADER
fixed length control field 00674nam a2200265Ia 4500
008 - FIXED-LENGTH DATA ELEMENTS--GENERAL INFORMATION
fixed length control field 171120s9999 xx 000 0 und d
020 ## - INTERNATIONAL STANDARD BOOK NUMBER
International Standard Book Number 9.7897127256e+012
050 ## - LIBRARY OF CONGRESS CALL NUMBER
Classification number 920
050 ## - LIBRARY OF CONGRESS CALL NUMBER
Item number B859 2011
100 ## - MAIN ENTRY--PERSONAL NAME
Personal name Briscoe, Leonor
245 ## - TITLE STATEMENT
Title Ben on Ben :
245 ## - TITLE STATEMENT
Remainder of title Conversations with Bienvenido N. Santos /
245 ## - TITLE STATEMENT
Statement of responsibility, etc by Leonor Briscoe.
260 ## - PUBLICATION, DISTRIBUTION, ETC. (IMPRINT)
Place of publication, distribution, etc Philippines :
260 ## - PUBLICATION, DISTRIBUTION, ETC. (IMPRINT)
Name of publisher, distributor, etc Anvil,
260 ## - PUBLICATION, DISTRIBUTION, ETC. (IMPRINT)
Date of publication, distribution, etc 2011
300 ## - PHYSICAL DESCRIPTION
Extent 210 pages :
300 ## - PHYSICAL DESCRIPTION
Other physical details illustrations ;
300 ## - PHYSICAL DESCRIPTION
Dimensions 22cm.
650 ## - SUBJECT ADDED ENTRY--TOPICAL TERM
Topical term or geographic name as entry element Authors, Filipino --
650 ## - SUBJECT ADDED ENTRY--TOPICAL TERM
Topical term or geographic name as entry element Santos, Bienvenido N. --
650 ## - SUBJECT ADDED ENTRY--TOPICAL TERM
General subdivision 20th century -- Biography.
650 ## - SUBJECT ADDED ENTRY--TOPICAL TERM
General subdivision Interviews.
700 ## - ADDED ENTRY--PERSONAL NAME
Personal name Title.
Holdings
Withdrawn status Lost status Damaged status Home library Current library Date acquired Total Checkouts Full call number Barcode Date last seen Price effective from Koha item type
      Stonyhurst Southville International School (Malarayat) Stonyhurst Southville International School (Malarayat) 11/20/2017   FIL 920 B859 2011 SSISM4312 11/20/2017 11/20/2017 Books

Ben on Ben :

APA

Briscoe L., Title, .Ben on Ben. Philippines: .

Chicago

Briscoe Leonor, Title, .Ben on Ben. Philippines: .

Harvard

Briscoe L., Title, .Ben on Ben. Philippines: .

MLA

Briscoe Leonor, Title, .Philippines: . .

  • Place hold
  • Print
  • Cite
  • Add to your cart (remove)
  • Save record
    BIBTEX Dublin Core MARCXML MARC (non-Unicode/MARC-8) MARC (Unicode/UTF-8) MARC (Unicode/UTF-8, Standard) MODS (XML) RIS
  • More searches
    Search for this title in:
    Other Libraries (WorldCat) Other Databases (Google Scholar) Online Stores (Bookfinder.com) Open Library (openlibrary.org)

Exporting to Dublin Core...

SOUTHVILLE LIBRARY

Southville International School and Colleges Library

1281 Tropical Ave. Cor. Luxembourg St., BF Homes International, Las Pinas City

Tel. No. 8256374 / 252358 Loc. 117/146

Powered by Koha